[Event "Gorges op 18th"]
[Site "Gorges"]
[Date "2008.07.??"]
[Round "7"]
[White "Delorme, Sonia"]
[Black "Louf, Claude"]
[Result "1/2-1/2"]
[WhiteElo "1630"]
[BlackElo "1550"]
[PlyCount "20"]
[EventDate "2008.07.??"]
[EventType "swiss"]
[EventRounds "7"]
[EventCountry "FRA"]
[SourceTitle "CBM 125 Extra"]
[Source "ChessBase"]
[SourceDate "2008.09.01"]
[SourceVersion "1"]
[SourceVersionDate "2008.09.01"]
[SourceQuality "1"]

1. e4 d6 2. d4 Nf6 3. Nc3 g6 4. Nf3 Bg7 5. h3 0-0 6. Bc4 c5 7. dxc5 dxc5 8. 0-0 e6 9. Bg5 h6 10. Bh4 g5 1/2-1/2

[Event "Gorges op 14th"]
[Site "Gorges"]
[Date "2004.07.04"]
[Round "2"]
[White "Delorme, Sonia"]
[Black "Huguet, Marcel"]
[Result "1/2-1/2"]
[WhiteElo "1610"]
[BlackElo "1420"]
[PlyCount "87"]
[EventDate "2004.07.08"]
[EventType "swiss"]
[EventRounds "7"]
[EventCountry "FRA"]
[SourceTitle "EXT 2005"]
[Source "ChessBase"]
[SourceDate "2004.11.15"]
[SourceVersion "1"]
[SourceVersionDate "2004.11.15"]
[SourceQuality "1"]

1. e4 e6 2. d4 c5 3. c3 Be7 4. Nf3 d6 5. Be2 b6 6. 0-0 Bb7 7. Nbd2 Nd7 8. Re1 a6 9. Bd3 Qc7 10. Nf1 Ngf6 11. Ng3 0-0 12. Bd2 Ne8 13. Rc1 c4 14. Bc2 b5 15. b3 a5 16. bxc4 Qxc4 17. Bb3 Qc7 18. a4 Bc6 19. d5 bxa4 20. Bxa4 Bxa4 21. Qxa4 Nc5 22. Qc2 e5 23. Ra1 Qa7 24. c4 Bd8 25. Ra2 Bb6 26. Rea1 a4 27. Bb4 Nc7 28. Bxc5 Bxc5 29. Rxa4 Qb7 30. Nf5 Rxa4 31. Rxa4 Ra8 32. Rxa8+ Qxa8 33. g3 Ne8 34. Qd2 Nf6 35. Qg5 Qf8 36. h4 Nxe4 37. Qc1 Nxf2 38. Qc2 Ng4+ 39. Kh1 g6 40. Ng5 gxf5 41. Qxf5 Nf2+ 42. Kh2 Qg7 43. Qc8+ Qf8 44. Qf5 1/2-1/2